Sin, pride & self-acceptance: the problem of identity in theology & psychology

Saved in:  
Bibliographic Details
Main Author: Cooper, Terry D. 1955- (Author)
Format: Print Book
Language:English
Subito Delivery Service: Order now.
Check availability: HBZ Gateway
WorldCat: WorldCat
Interlibrary Loan:Interlibrary Loan for the Fachinformationsdienste (Specialized Information Services in Germany)
Published: Downers Grove, Ill. InterVarsity Press 2003
In:Year: 2003
Standardized Subjects / Keyword chains:B Theology / Pride / Self-esteem / Self-hatred / Psychology
Further subjects:B Pride and vanity
B Niebuhr, Reinhold
B Self-esteem Religious aspects Christianity
B Rogers, Carl R
B Sin Psychology

MARC

LEADER 00000cam a2200000 c 4500
001 1611380294
003 DE-627
005 20251225194400.0
007 tu
008 040513s2003 xx ||||| 00| ||eng c
010 |a  2003006749 
020 |a 0830827285  |c (pbk. : alk. paper)  |9 0-8308-2728-5 
024 3 |a 978030827282 
035 |a (DE-627)1611380294 
035 |a (DE-576)111402115 
035 |a (DE-599)BSZ111402115 
035 |a (OCoLC)51942305 
040 |a DE-627  |b ger  |c DE-627  |e rakwb 
041 |a eng 
050 0 |a BV4627.P7C66 2003 
082 0 |a 233.5 
084 |a 1  |2 ssgn 
100 1 |0 (DE-588)1146523874  |0 (DE-627)1008011703  |0 (DE-576)187815232  |4 aut  |a Cooper, Terry D.  |d 1955- 
109 |a Cooper, Terry D. 1955-  |a Cooper, Terry Don 1955- 
245 1 0 |a Sin, pride & self-acceptance  |b the problem of identity in theology & psychology  |c Terry D. Cooper 
264 1 |a Downers Grove, Ill.  |b InterVarsity Press  |c 2003 
300 |a X, 180 S. 
336 |a Text  |b txt  |2 rdacontent 
337 |a ohne Hilfsmittel zu benutzen  |b n  |2 rdamedia 
338 |a Band  |b nc  |2 rdacarrier 
500 |a Includes bibliographical references and indexes 
583 1 |a Archivierung prüfen  |c 20200919  |f DE-640  |z 1  |2 pdager 
583 1 |a Archivierung/Langzeitarchivierung gewährleistet  |f SSG  |x XA-DE-BW  |2 pdager  |5 DE-21 
600 1 0 |a Niebuhr, Reinhold 
600 1 0 |a Rogers, Carl R 
601 |a Problem 
601 |a Theologe 
601 |a Psychologie 
650 0 |a Pride and vanity 
650 0 |a Self-esteem  |x Religious aspects  |x Christianity 
650 0 |a Sin  |x Psychology 
689 0 0 |d s  |0 (DE-588)4059758-1  |0 (DE-627)104131446  |0 (DE-576)209132159  |2 gnd  |a Theologie 
689 0 1 |d s  |0 (DE-588)4315180-2  |0 (DE-627)126508593  |0 (DE-576)211170674  |2 gnd  |a Stolz 
689 0 2 |d s  |0 (DE-588)4180807-1  |0 (DE-627)10532308X  |0 (DE-576)210000538  |2 gnd  |a Selbstachtung 
689 0 3 |d s  |0 (DE-588)4180835-6  |0 (DE-627)105322830  |0 (DE-576)210000775  |2 gnd  |a Selbsthass 
689 0 4 |d s  |0 (DE-588)4047704-6  |0 (DE-627)106193821  |0 (DE-576)209074426  |2 gnd  |a Psychologie 
689 0 |5 (DE-627) 
935 |a mteo 
951 |a BO 
ELC |b 1 
ITA |a 1  |t 1 
LOK |0 000 xxxxxcx a22 zn 4500 
LOK |0 001 3159427609 
LOK |0 003 DE-627 
LOK |0 004 1611380294 
LOK |0 005 20040513000000 
LOK |0 008 040513||||||||||||||||ger||||||| 
LOK |0 040   |a DE-21  |c DE-627  |d DE-21 
LOK |0 852   |a DE-21 
LOK |0 852 1  |c 44 A 4562  |9 00 
LOK |0 935   |a theo 
LOK |0 936ln  |a t5.1 
LOK |0 936ln  |a t7.5 
LOK |0 939   |a 13-05-04  |b l01 
ORI |a SA-MARC-ixtheoa001.raw 
STA 0 0 |a Pride,Pride,Psychology,Self-esteem,Self-respect,Self-hatred,Theology,Theology 
STB 0 0 |a Estime de soi,Respect de soi,Respect de soi,Fierté,Fierté,Orgueil,Orgueil,Orgueil (motif),Orgueil,Haine de soi,Psychologie,Théologie,Théologie 
STC 0 0 |a Autoestima,Odio de si,Orgullo,Orgullo,Psicología,Teología,Teología 
STD 0 0 |a Odio di sé,Orgoglio,Orgoglio,Psicologia,Rispetto di sé,Autostima,Autostima,Teologia,Teologia 
STE 0 0 |a 心理学,神学家,自尊,自尊心,自我憎恨,自恨,骄傲,傲慢 
STF 0 0 |a 心理學,神學家,自尊,自尊心,自我憎恨,自恨,驕傲,傲慢 
STG 0 0 |a Autoestima,Orgulho,Orgulho,Psicologia,Teologia,Teologia,Ódio de si 
STH 0 0 |a Богословие (мотив),Богословие,Гордость (мотив),Гордость,Ненависть к самому себе,Психология,Самоуважение 
STI 0 0 |a Αυτοαπέχθεια,Αυτοεκτίμηση,Αυτοσεβασμός,Θεολογία (μοτίβο),Θεολογία,Περηφάνια <μοτίβο>,Περηφάνια,Υπερηφάνεια,Υπερηφάνεια (μοτίβο),Ψυχολογία 
SYA 0 0 |a Niebuhr, Reinhold 
SYG 0 0 |a Christliche Theologie , Psychology,Psyche,Psychologische Theorie,Psychologischer Aspekt,Theoretische Psychologie,Mensch